Reorganizácia Európskej banky pre obnovu a rozvoj

Stručne o reorganizačnom programe schválenom začiatkom novembre 1993 Radou riaditeľov EBOR a zameranom 1. na zlepšenie účinnosti banky vzhľadom na zvýšený počet krajín (25), kde banka pôsobí a 2. vylúčenie duplicity a zvýšenie schopnosti banky v oblasti pomoci pri transformácii ekonomík. Slovensko v...

Descrizione completa

Salvato in:
Dettagli Bibliografici
Natura: Capitolo di libro
Lingua:slovacco
Soggetti:
Tags: Aggiungi Tag
Nessun Tag, puoi essere il primo ad aggiungerne!!

MARC

LEADER 00000naa a2200000 4500
001 r000201
005 20221213123520.0
041 0 |a slo 
044 |a SK 
245 1 0 |a Reorganizácia Európskej banky pre obnovu a rozvoj 
520 |a Stručne o reorganizačnom programe schválenom začiatkom novembre 1993 Radou riaditeľov EBOR a zameranom 1. na zlepšenie účinnosti banky vzhľadom na zvýšený počet krajín (25), kde banka pôsobí a 2. vylúčenie duplicity a zvýšenie schopnosti banky v oblasti pomoci pri transformácii ekonomík. Slovensko v severnej skupine. 
610 2 0 |a Európska banka pre obnovu a rozvoj 
610 2 0 |a reorganizácia 
610 2 0 |a 1993 
610 2 0 |a banky medzinárodné